Estudios de doctrina judicial 1 (Record no. 168733)

MARC details
000 -LEADER
campo de control de longitud fija 00808nam a22002175i 4500
001 - NÚMERO DE CONTROL
campo de control 168733
003 - IDENTIFICADOR DE NÚMERO DE CONTROL
campo de control ES-MaACL
005 - FECHA Y HORA DE LA ÚLTIMA TRANSACCIÓN
campo de control 20230906213855.0
008 - DATOS DE LONGITUD FIJA--INFORMACIÓN GENERAL
campo de control de longitud fija 080528s2006 sp |||| | spa d
020 ## - NÚMERO INTERNACIONAL ESTÁNDAR DEL LIBRO
Número Internacional Estándar del Libro 84-96465-24-1
080 ## - NÚMERO DE LA CLASIFICACIÓN DECIMAL UNIVERSAL
Número de la Clasificación Decimal Universal 349.2(460)
245 00 - MENCIÓN DEL TÍTULO
Título Estudios de doctrina judicial 1
Resto del título : series de este volumen, derechos laborales, extinción del contrato, proceso laboral /
Mención de responsabilidad, etc. Gabinete de Estudios Jurídicos CC.OO.
260 ## - PUBLICACIÓN, DISTRIBUCIÓN, ETC.
Lugar de publicación, distribución, etc. Albacete :
Nombre del editor, distribuidor, etc. Altabán,
Fecha de publicación, distribución, etc. 2006.
300 ## - DESCRIPCIÓN FÍSICA
Extensión 341 p. ;
Dimensiones 24 cm.
490 1# - MENCIÓN DE SERIE
Mención de serie Documentos de derecho laboral
650 14 - PUNTO DE ACCESO ADICIONAL DE MATERIA--TÉRMINO DE MATERIA
Término de materia o nombre geográfico como elemento de entrada Derecho laboral-
Subdivisión geográfica España-
Subdivisión general Casos.
9 (RLIN) 11727
710 2# - ENTRADA AGREGADA--NOMBRE DE ENTIDAD CORPORATIVA
Nombre de entidad corporativa o nombre de jurisdicción como elemento de entrada Comisiones Obreras.
Unidad subordinada Gabinete de Estudios Jurídicos.
9 (RLIN) 137820
830 0# - PUNTO DE ACCESO ADICIONAL DE SERIE-TÍTULO UNIFORME
Título uniforme Documentos de derecho laboral
9 (RLIN) 222757
852 4# - LOCALIZACIÓN
Ubicación ES-MaACL
Número de control de estantería L-29489
itemnumber R.143031
Holdings
Estatus retirado Estado de pérdida Estado de daño No para préstamo Biblioteca de origen Biblioteca actual Ubicación en estantería Fecha de adquisición Fuente de adquisición Total de préstamos Signatura topográfica completa Código de barras Visto por última vez Precio de reemplazo Tipo de ítem Koha
        Biblioteca del Ateneo de Madrid Biblioteca del Ateneo de Madrid Depósito 2 28/05/2008     L-29489 1177072 23/02/2023 23/02/2023 Libro impreso